=LDR 00000nam 2200000 4500 =001 001209 =005 20250710115036 =035 ##$$a 0010-0725000385 =007 ta =008 250710################a##########0#ind## =020 ##$$a 978-623-118-840-3 =082 ##$$a 398.209 598 =084 ##$$a 398.209 598 LIA i =100 #$$a Lia herlina =245 1#$$a Inikah rasanya ? /$c Lia herlina =250 ##$$a Cetakan kedua =260 ##$$a Rawamangun :$b Kementerian pendidikan, kebudayaan, riset, dan teknologi,$c 2023 =300 ##$$a 36 hlm. : $b Ilus. ; $c 29,7cm =650 #4$$a Cerita anak-indonesia =990 ##$$a TBM02760276